Shakespeare's Globe playhouse (Record no. 57376)

MARC details
000 -LEADER
fixed length control field 00546nam a2200145 a 4500
008 - FIXED-LENGTH DATA ELEMENTS--GENERAL INFORMATION
fixed length control field 120416s1956 ||||||||||||||||| || u
050 ## - LIBRARY OF CONGRESS CALL NUMBER
Classification number NA 6840.G7 Smi
100 ## - MAIN ENTRY--PERSONAL NAME
Personal name Smith, Irwin
245 10 - TITLE STATEMENT
Title Shakespeare's Globe playhouse
246 ## - VARYING FORM OF TITLE
Title proper/short title a modern reconstruction in text and scale drawings
260 ## - PUBLICATION, DISTRIBUTION, ETC.
Place of publication, distribution, etc. New York
Name of publisher, distributor, etc. C. Scribner
Date of publication, distribution, etc. 1956
300 ## - PHYSICAL DESCRIPTION
Extent xxiii, 240p. : ill.
350 ## - PRICE (NR) (BK AM CF MU VM SE) [OBSOLETE]
Price 0.00
995 ## - RECOMMENDATION 995 [LOCAL, UNIMARC FRANCE]
-- 0.00
-- CBU-MAIN LIBRARY (Kitwe)
-- 1
-- 0.00
-- 1
-- AVAILABLE
-- Annex Low-Usage Collection
Holdings
Withdrawn status Lost status Source of classification or shelving scheme Damaged status Not for loan Home library Current library Shelving location Date acquired Total Checkouts Full call number Barcode Date last seen Price effective from Koha item type
          CBU-MAIN LIBRARY, KITWE. CBU-MAIN LIBRARY, KITWE.   11/30/2022   NA 6840.G7 Smi 009909 11/30/2022 11/30/2022 MONOGRAPH